00581nam a2200205Ia 4500008004100000020001500041050001900056050001800075245003200093245006000125250001600185260001600201260002200217260000900239300001600248300001100264440002400275500001900299650005700318200601s9999 xx 000 0 und d a8179922057 aREF HF 5549.17 b.S87 2004 c.2 4aThe Supervisor's handbook : 2ba quick handy guide for any manager or business owner / a2nd Edition aNew Delhi : bJaico Publishing, c2004 a101 pages : c22 cm. aBusiness essentials aInclude index. aSupervision of employees -- Handbooks, manuals, etc.